| 000 | 00477nam a2200157Ia 4500 | ||
|---|---|---|---|
| 008 | 200626s9999 xx 000 0 und d | ||
| 020 | _a978-007-126355-9 | ||
| 100 | _aHeneman III, Herbert G. | ||
| 245 |
_cHerbert G. Heneman III, Timothy A. Judge.-- _aStaffing organizations/ |
||
| 250 | _a6th ed. | ||
| 260 |
_aNew York: _bMcGrawHill _c2009 |
||
| 300 | _axvi, 751 pages | ||
| 500 | _aIncludes Index | ||
| 650 | _aEmployee selection. | ||
| 650 | _aEmployees -- Recruiting. | ||
| 999 |
_c363785 _d363785 |
||